[Event "First Saturday IM March 2014"]
[Site "Budapest"]
[Date "2014.03.01"]
[Round "1.1"]
[White "Nguyen, Thi Mai Hung"]
[Black "Keschitz, Gyorgy"]
[Result "0-1"]
[WhiteElo "2261"]
[BlackElo "2256"]
[PlyCount "94"]
[EventDate "2014.03.01"]

1. d4 Nf6 2. Nf3 g6 3. Bg5 Bg7 4. Nbd2 d6 5. c3 O-O 6. e4 h6 7. Bh4 g5 8. Bg3
Nh5 9. Bc4 e6 10. Qc2 Nd7 11. Nf1 d5 12. Be2 dxe4 13. Qxe4 f5 14. Qxe6+ Kh7 15.
h3 Ndf6 16. Qc4 f4 17. Bh2 Bf5 18. N1d2 Qd6 19. Ne5 c5 20. O-O cxd4 21. cxd4
Rac8 22. Qa4 a6 23. Ndf3 b5 24. Qd1 Kg8 25. Ne1 Rcd8 26. Rc1 Qxd4 27. Qb3+ Qd5
28. Nc6 Qxb3 29. axb3 Rde8 30. Nd4 Bg6 31. Nef3 Ne4 32. Rc6 Rf6 33. Rfc1 Kh7
34. Rc7 Rd6 35. Ra7 Kh8 36. Nc6 Bxb2 37. Rc2 Bf6 38. Kf1 Nc3 39. Nfe5 Bxe5 40.
Nxe5 Bxc2 41. Nf7+ Kg8 42. Nxd6 Rxe2 43. Rc7 Bd3 44. Rxc3 Re3+ 45. Rxd3 Rxd3
46. Nf5 Kh7 47. g4 Ng7 0-1

[Event "First Saturday IM March 2014"]
[Site "Budapest"]
[Date "2014.03.01"]
[Round "1.2"]
[White "Szalanczy, Emil"]
[Black "Farkas, Richard"]
[Result "0-1"]
[WhiteElo "2240"]
[BlackElo "2191"]
[PlyCount "112"]
[EventDate "2014.03.01"]

1. e4 e6 2. d4 d5 3. Nc3 Bb4 4. e5 c5 5. a3 Bxc3+ 6. bxc3 Ne7 7. Qg4 cxd4 8.
Bd3 Qc7 9. Ne2 dxc3 10. Qxg7 Rg8 11. Qxh7 Qxe5 12. Bf4 Qf6 13. h4 Nbc6 14. Qh6
Qxh6 15. Bxh6 Ne5 16. Bg5 Nxd3+ 17. cxd3 Bd7 18. Nxc3 Rc8 19. Kd2 f6 20. Bxf6
Rxg2 21. Raf1 Kf7 22. Be5 Nc6 23. Bd6 Nd4 24. Rh3 Rxc3 25. Kxc3 Nb5+ 26. Kb3
Nxd6 27. h5 Kg7 28. Rg3+ Rxg3 29. fxg3 Nf5 30. g4 Ne3 31. Rc1 Kh6 32. Rc7 Bc6
33. Re7 Nxg4 34. Rxe6+ Kxh5 35. Kb4 Kg5 36. Kc5 Kf5 37. Re7 Kf6 38. Kd6 Nf2 39.
Re3 d4 40. Rg3 Be4 41. Rg8 Nxd3 42. Rf8+ Kg7 43. Rf1 b5 44. Ke6 a5 45. Rg1+ Bg6
46. Rg4 Nc5+ 47. Kd5 Nb3 48. Kc6 d3 49. Kxb5 d2 50. Rg1 Kf6 51. Rd1 Bc2 52.
Rxd2 Nxd2 53. Kxa5 Nc4+ 54. Kb4 Nb6 55. Kc3 Bd1 56. Kd2 Bh5 0-1

[Event "First Saturday IM March 2014"]
[Site "Budapest"]
[Date "2014.03.01"]
[Round "1.3"]
[White "Szeberenyi, Adam"]
[Black "Balint, Vilmos"]
[Result "0-1"]
[WhiteElo "2301"]
[BlackElo "2246"]
[PlyCount "78"]
[EventDate "2014.03.01"]

1. d4 Nf6 2. Nf3 e6 3. c4 d5 4. Nc3 c6 5. e3 Nbd7 6. Qc2 Bd6 7. e4 dxe4 8. Nxe4
Nxe4 9. Qxe4 Nf6 10. Qh4 Qb6 11. a3 Qb3 12. Be2 Qc2 13. Bd2 Qxb2 14. O-O Qc2
15. Rfe1 Qe4 16. Qg5 O-O 17. Bf1 Qg6 18. Qe3 c5 19. dxc5 Ng4 20. Qd4 Be7 21. h3
e5 22. Qc3 Nxf2 23. Kxf2 e4 24. Nd4 Rd8 25. Kg1 Bxc5 26. Be3 Qg3 27. Rad1 Bxh3
28. Nc2 Bg4 29. Rd5 Bd6 30. Be2 Qh2+ 31. Kf1 Qh1+ 32. Bg1 Bh2 33. Qd4 Rxd5 34.
cxd5 Bf5 35. g4 e3 36. Qxe3 Bxc2 37. Bf3 Bd3+ 38. Qxd3 Qxg1+ 39. Ke2 Re8+ 0-1

[Event "First Saturday IM March 2014"]
[Site "Budapest"]
[Date "2014.03.01"]
[Round "1.4"]
[White "Golubov, Saveliy"]
[Black "Skou, Niels"]
[Result "1-0"]
[WhiteElo "2325"]
[BlackElo "2147"]
[PlyCount "51"]
[EventDate "2014.03.01"]

1. e4 d5 2. exd5 Nf6 3. Nf3 Nxd5 4. d4 g6 5. Bb5+ Bd7 6. Be2 Bg7 7. O-O O-O 8.
c4 Nb6 9. Nc3 Bg4 10. c5 Nd5 11. Qb3 Nxc3 12. bxc3 b6 13. Ba3 Nc6 14. Rfe1 Rb8
15. Qa4 Na5 16. Bb4 Bd7 17. Qd1 Nc6 18. Ba3 Re8 19. d5 Bxc3 20. dxc6 Bxc6 21.
Qc2 Bxa1 22. Rxa1 Qd5 23. Bc4 Qh5 24. Bb2 Red8 25. cxb6 Rxb6 26. Rc1 1-0

[Event "First Saturday IM March 2014"]
[Site "Budapest"]
[Date "2014.03.01"]
[Round "1.5"]
[White "To, Nhat Minh"]
[Black "Rajlich, Iweta"]
[Result "0-1"]
[WhiteElo "2354"]
[BlackElo "2400"]
[PlyCount "72"]
[EventDate "2014.03.01"]

1. d4 g6 2. Bf4 Bg7 3. e3 d6 4. Nf3 Nd7 5. h3 e5 6. Bh2 e4 7. Nfd2 f5 8. c4 Ne7
9. Nc3 O-O 10. Be2 Nf6 11. g4 a6 12. g5 Nh5 13. Bxh5 gxh5 14. Qxh5 c5 15. Nb3
b5 16. cxb5 axb5 17. Nxb5 Qb6 18. Bxd6 Qxb5 19. Bxe7 f4 20. g6 hxg6 21. Qd5+
Kh7 22. Bxf8 f3 23. O-O-O Bb7 24. a4 Qb6 25. dxc5 Qa6 26. Qf7 Rxf8 27. Rd6 Rxf7
28. Rxa6 Bxa6 29. Na5 Bf6 30. b4 Bh4 31. b5 Bxf2 32. Nc4 Rf5 33. c6 Rc5 34.
bxa6 Rxc4+ 35. Kd2 Rxc6 36. a7 Ra6 0-1

[Event "First Saturday IM March 2014"]
[Site "Budapest"]
[Date "2014.03.03"]
[Round "2.1"]
[White "Keschitz, Gyorgy"]
[Black "Rajlich, Iweta"]
[Result "1/2-1/2"]
[WhiteElo "2256"]
[BlackElo "2400"]
[PlyCount "92"]
[EventDate "2014.03.01"]

1. Nf3 Nc6 2. g3 e5 3. d3 d5 4. Bg2 Be7 5. O-O Be6 6. c4 e4 7. Nfd2 exd3 8.
exd3 d4 9. Na3 h5 10. Nc2 Bg4 11. f3 Bf5 12. Ne4 Bxe4 13. fxe4 h4 14. b4 hxg3
15. hxg3 Nf6 16. Bf4 Nh5 17. b5 Nxf4 18. gxf4 Na5 19. e5 Bc5 20. Qe1 Nxc4 21.
dxc4 d3+ 22. Ne3 d2 23. Qe2 Qd4 24. Bxb7 Rh3 25. Bf3 Rxf3 26. Qxf3 Qxe3+ 27.
Qxe3 Bxe3+ 28. Kg2 Rd8 29. Kf3 Bb6 30. Ke2 Rd4 31. Rf3 Ba5 32. Rd1 Bb4 33. c5
Ke7 34. f5 Re4+ 35. Re3 Rc4 36. c6 Rc5 37. a4 Rd5 38. Re4 Bc3 39. Re3 Ba5 40.
Rf1 g6 41. fxg6 fxg6 42. e6 Rd4 43. Rh1 g5 44. Rh7+ Ke8 45. Rh8+ Ke7 46. Rh7+
Ke8 1/2-1/2

[Event "First Saturday IM March 2014"]
[Site "Budapest"]
[Date "2014.03.03"]
[Round "2.2"]
[White "Skou, Niels"]
[Black "To, Nhat Minh"]
[Result "0-1"]
[WhiteElo "2147"]
[BlackElo "2354"]
[PlyCount "44"]
[EventDate "2014.03.01"]

1. Nf3 d5 2. d4 Nf6 3. c4 c6 4. e3 g6 5. Nc3 Bg7 6. Bd3 O-O 7. O-O Bg4 8. h3
Bxf3 9. Qxf3 e6 10. b3 Nbd7 11. cxd5 exd5 12. Ba3 Re8 13. Bd6 Re6 14. Bh2 Qe7
15. Rfd1 h5 16. Bf4 Nh7 17. Rac1 f5 18. g4 Ng5 19. Qg2 hxg4 20. hxg4 Ne4 21.
Ne2 Rf8 22. g5 Re8 0-1

[Event "First Saturday IM March 2014"]
[Site "Budapest"]
[Date "2014.03.03"]
[Round "2.3"]
[White "Balint, Vilmos"]
[Black "Golubov, Saveliy"]
[Result "0-1"]
[WhiteElo "2246"]
[BlackElo "2325"]
[PlyCount "82"]
[EventDate "2014.03.01"]

1. e4 c5 2. Nf3 e6 3. d4 cxd4 4. Nxd4 a6 5. Bd3 Bc5 6. Nb3 Be7 7. a4 Nc6 8. Nc3
Nf6 9. Qe2 d6 10. f4 O-O 11. Be3 Qc7 12. a5 Bd7 13. Bb6 Qb8 14. O-O Bd8 15. Bf2
Bc7 16. Bh4 Ne8 17. e5 g6 18. Ne4 dxe5 19. Nbc5 Bc8 20. f5 exf5 21. Bc4 Bd6 22.
Bd5 Bxc5+ 23. Nxc5 Nd4 24. Qc4 Nd6 25. Qd3 Qc7 26. b4 Be6 27. Bf6 Ne8 28. Bxe5
Qxe5 29. Bxe6 Nxe6 30. Nd7 Qc7 31. Nxf8 Kxf8 32. c4 Rd8 33. Qc3 Rd4 34. c5 Nf6
35. Rac1 Qc6 36. Rfd1 Nd5 37. Qb2 Rxb4 38. Qe5 Re4 39. Qxd5 Re1+ 40. Kf2 Qxd5
41. Rxd5 Rxc1 0-1

[Event "First Saturday IM March 2014"]
[Site "Budapest"]
[Date "2014.03.03"]
[Round "2.4"]
[White "Farkas, Richard"]
[Black "Szeberenyi, Adam"]
[Result "1/2-1/2"]
[WhiteElo "2191"]
[BlackElo "2301"]
[PlyCount "67"]
[EventDate "2014.03.01"]

1. d4 Nf6 2. Bf4 g6 3. Nf3 Bg7 4. e3 c5 5. c3 cxd4 6. exd4 O-O 7. Nbd2 d6 8.
Be2 Bf5 9. h3 Nc6 10. O-O Re8 11. Nc4 Nd5 12. Bg5 h6 13. Bc1 e5 14. Ne3 Nxe3
15. Bxe3 exd4 16. Nxd4 Nxd4 17. cxd4 Qb6 18. Qd2 Rac8 19. Rac1 h5 20. Bc4 Be4
21. Bb3 Qb5 22. Rxc8 Rxc8 23. Rc1 Rxc1+ 24. Qxc1 Bd5 25. Bxd5 Qxd5 26. b3 b5
27. Qc8+ Kh7 28. Qc7 Bxd4 29. Bxd4 Qxd4 30. Qxf7+ Kh6 31. h4 Qa1+ 32. Kh2 Qxa2
33. Qf8+ Kh7 34. Qf7+ 1/2-1/2

[Event "First Saturday IM March 2014"]
[Site "Budapest"]
[Date "2014.03.03"]
[Round "2.5"]
[White "Nguyen, Thi Mai Hung"]
[Black "Szalanczy, Emil"]
[Result "1/2-1/2"]
[WhiteElo "2261"]
[BlackElo "2240"]
[PlyCount "104"]
[EventDate "2014.03.01"]

1. d4 c5 2. d5 e6 3. e4 d6 4. Nc3 exd5 5. exd5 Nf6 6. Nf3 Be7 7. Be2 O-O 8. O-O
h6 9. Bf4 Re8 10. h3 Bf8 11. Re1 Bf5 12. Qd2 Na6 13. a3 Nc7 14. Nh2 Qd7 15. a4
Ne4 16. Nxe4 Rxe4 17. c4 Rae8 18. Be3 Na6 19. Ng4 Bh7 20. Bd3 R4e7 21. Bxh7+
Kxh7 22. b3 Nb4 23. Bf4 g5 24. Bg3 Bg7 25. Rad1 Bd4 26. Nh2 f5 27. Nf3 Bg7 28.
Rxe7 Rxe7 29. Re1 f4 30. Bh2 Rxe1+ 31. Nxe1 Qf5 32. g3 Be5 33. Kg2 Qe4+ 34. f3
Qd4 35. Qxd4 cxd4 36. gxf4 gxf4 37. Kf1 d3 38. Ng2 Nc2 39. Bxf4 Kg6 40. Bxe5
dxe5 41. Kf2 Kf6 42. Ne3 h5 43. Nf1 h4 44. a5 b6 45. axb6 axb6 46. Nd2 Kf5 47.
Ne4 Kg6 48. d6 Kf7 49. f4 exf4 50. Kf3 Nd4+ 51. Kxf4 Nxb3 52. Ke3 d2 1/2-1/2

[Event "First Saturday IM March 2014"]
[Site "Budapest"]
[Date "2014.03.04"]
[Round "3.1"]
[White "Szalanczy, Emil"]
[Black "Keschitz, Gyorgy"]
[Result "1-0"]
[WhiteElo "2240"]
[BlackElo "2256"]
[PlyCount "75"]
[EventDate "2014.03.01"]

1. e4 c5 2. Nf3 Nc6 3. d4 cxd4 4. Nxd4 g6 5. Nc3 Bg7 6. Be3 Nf6 7. Bc4 Qa5 8.
O-O O-O 9. Bb3 d6 10. h3 Bd7 11. Re1 Rfc8 12. Qe2 Qa6 13. Nxc6 Rxc6 14. Qf3 e6
15. Rad1 Be8 16. Rd4 b5 17. Red1 Nd7 18. a4 bxa4 19. Rxa4 Qb7 20. Bd4 Be5 21.
h4 Nc5 22. Ra3 Rb6 23. Bxe5 dxe5 24. Qf6 Nd7 25. Qe7 Nf8 26. Qg5 Nd7 27. Rd3 f6
28. Qe3 Qc7 29. Nd5 exd5 30. Bxd5+ Bf7 31. Bxa8 Nf8 32. Rac3 Qb8 33. Bd5 Rxb2
34. Rb3 Rb1+ 35. Kh2 Rxb3 36. Rxb3 Qd8 37. Bxf7+ Kxf7 38. Rb7+ 1-0

[Event "First Saturday IM March 2014"]
[Site "Budapest"]
[Date "2014.03.04"]
[Round "3.2"]
[White "Szeberenyi, Adam"]
[Black "Nguyen, Thi Mai Hung"]
[Result "1-0"]
[WhiteElo "2301"]
[BlackElo "2261"]
[PlyCount "131"]
[EventDate "2014.03.01"]

1. d4 d5 2. c4 c6 3. Nf3 Nf6 4. e3 Bf5 5. Nc3 e6 6. Nh4 Bg6 7. Qb3 Qc7 8. Nxg6
hxg6 9. g3 Nbd7 10. Bd2 Ne4 11. Nxe4 dxe4 12. Bg2 f5 13. c5 Kf7 14. O-O Be7 15.
f3 exf3 16. Bxf3 Nf6 17. e4 Qd7 18. Bc3 Kg8 19. Rae1 Kh7 20. exf5 exf5 21. Re5
Rhe8 22. Rfe1 Bf8 23. Kg2 Rad8 24. Rxe8 Rxe8 25. Rxe8 Nxe8 26. Qa4 Nc7 27. Qxa7
Ne6 28. Qa4 Ng5 29. Qd1 Be7 30. h4 Nxf3 31. Qxf3 Bf6 32. Kf1 Qd8 33. h5 Qd7 34.
hxg6+ Kxg6 35. b3 Kf7 36. Qh5+ Kg8 37. Qe2 Kf8 38. Qf3 Kf7 39. Ke2 Bxd4 40.
Bxd4 Qxd4 41. Qxf5+ Kg8 42. Qc8+ Kh7 43. Qf5+ Kg8 44. Qf2 Qc3 45. Kf1 Kh7 46.
Kg2 Kg8 47. Kh3 Qd3 48. Qf4 Qh7+ 49. Kg4 Qg6+ 50. Kh4 Qh7+ 51. Kg5 Qh6+ 52. Kf5
Qf6+ 53. Ke4 Qc3 54. Qf2 Kh7 55. g4 Qb4+ 56. Kf5 Qc3 57. Ke6 Kg8 58. g5 Qh3+
59. Qf5 Qe3+ 60. Kd7 Qd2+ 61. Ke7 Qxa2 62. g6 Qe2+ 63. Qe6+ Qxe6+ 64. Kxe6 Kf8
65. Kd7 Kg8 66. Ke7 1-0

[Event "First Saturday IM March 2014"]
[Site "Budapest"]
[Date "2014.03.04"]
[Round "3.3"]
[White "Golubov, Saveliy"]
[Black "Farkas, Richard"]
[Result "1-0"]
[WhiteElo "2325"]
[BlackElo "2191"]
[PlyCount "93"]
[EventDate "2014.03.01"]

1. e4 c5 2. Nf3 Nc6 3. d4 cxd4 4. Nxd4 g6 5. c4 Nf6 6. Nc3 Nxd4 7. Qxd4 d6 8.
Be3 Bg7 9. Be2 O-O 10. Qd2 Qa5 11. O-O Be6 12. Rfc1 Rfc8 13. b3 a6 14. Rab1 Ng4
15. Bd4 Bh6 16. f4 Bd7 17. b4 Qd8 18. Nd5 e5 19. Bb6 Qh4 20. Bxg4 Bxg4 21. g3
Qh3 22. Ne7+ Kh8 23. Nxc8 Rxc8 24. Be3 Bf3 25. Rb2 Bxe4 26. fxe5 Qg2+ 27. Qxg2
Bxe3+ 28. Qf2 Bxf2+ 29. Rxf2 dxe5 30. Rxf7 Bd5 31. Re7 e4 32. a4 Kg8 33. a5 h5
34. Kf2 Kf8 35. Re5 Rxc4 36. Rxc4 Bxc4 37. Rxe4 Bd5 38. Re5 Bc6 39. Ke3 Kf7 40.
Kd4 Kf6 41. h4 Bf3 42. Rg5 Bc6 43. Kc5 Be4 44. Kb6 Ke6 45. Rc5 Kf6 46. Rc7 Kf5
47. Rf7+ 1-0

[Event "First Saturday IM March 2014"]
[Site "Budapest"]
[Date "2014.03.04"]
[Round "3.4"]
[White "To, Nhat Minh"]
[Black "Balint, Vilmos"]
[Result "1-0"]
[WhiteElo "2354"]
[BlackElo "2246"]
[PlyCount "143"]
[EventDate "2014.03.01"]

1. d4 Nf6 2. Bf4 Nh5 3. Bg5 h6 4. Bh4 g5 5. e3 Nf6 6. Bg3 Bg7 7. Nc3 c5 8. dxc5
Qa5 9. Qd4 Nh5 10. Qc4 Nxg3 11. hxg3 b5 12. Qb3 Na6 13. Nge2 b4 14. Na4 d6 15.
Nd4 dxc5 16. Bb5+ Kf8 17. Qd5 Bxd4 18. exd4 Nc7 19. Qd8+ Kg7 20. Qxe7 Qxb5 21.
Qe5+ Kg8 22. Nxc5 Bg4 23. Kd2 Ne6 24. Ne4 Qxe5 25. dxe5 Bf5 26. Nd6 Bg6 27. a3
f6 28. axb4 fxe5 29. c4 Rd8 30. c5 Rd7 31. Rhe1 Nd4 32. Ra6 e4 33. Kc3 Nf5 34.
Nxe4 Kg7 35. c6 Re7 36. g4 Nh4 37. f3 Nxg2 38. Rd1 Bxe4 39. fxe4 Rc8 40. b5
Rcc7 41. Rda1 Kf6 42. Rxa7 Ke6 43. Rxc7 Rxc7 44. Kd4 Kd6 45. e5+ Ke7 46. Rc1
Nf4 47. b6 Rc8 48. b7 Ne6+ 49. Ke4 Rb8 50. c7 Nxc7 51. Rxc7+ Ke6 52. Rc6+ Kd7
53. Rxh6 Rxb7 54. Rh7+ Ke6 55. Rh6+ Kf7 56. Kf5 Rxb2 57. Rh7+ Kg8 58. Rc7 Re2
59. Ra7 Rf2+ 60. Kxg5 Rf8 61. Ra6 Kg7 62. Rg6+ Kh7 63. Rf6 Re8 64. Kf5 Kg7 65.
Rg6+ Kh7 66. Rd6 Ra8 67. Rd7+ Kg8 68. e6 Kf8 69. Kf6 Kg8 70. Rg7+ Kh8 71. Rg5
Kh7 72. Kf7 1-0

[Event "First Saturday IM March 2014"]
[Site "Budapest"]
[Date "2014.03.04"]
[Round "3.5"]
[White "Rajlich, Iweta"]
[Black "Skou, Niels"]
[Result "1-0"]
[WhiteElo "2400"]
[BlackElo "2147"]
[PlyCount "49"]
[EventDate "2014.03.01"]

1. Nf3 Nf6 2. b3 g6 3. Bb2 Bg7 4. g4 d5 5. g5 Nh5 6. Bxg7 Nxg7 7. d4 c5 8. dxc5
Qa5+ 9. Qd2 Qxc5 10. Qc3 Qxc3+ 11. Nxc3 e6 12. e4 dxe4 13. Nxe4 Ke7 14. Bg2 Nc6
15. O-O-O Nf5 16. h4 h5 17. Rhe1 Rd8 18. Rxd8 Kxd8 19. Bh3 Kc7 20. Nf6 Bd7 21.
Bxf5 exf5 22. Re3 Be6 23. c3 Rd8 24. Ne1 b6 25. Nd3 1-0

[Event "First Saturday IM March 2014"]
[Site "Budapest"]
[Date "2014.03.05"]
[Round "4.1"]
[White "Keschitz, Gyorgy"]
[Black "Skou, Niels"]
[Result "0-1"]
[WhiteElo "2256"]
[BlackElo "2147"]
[PlyCount "96"]
[EventDate "2014.03.01"]

1. Nf3 Nf6 2. g3 g6 3. Bg2 Bg7 4. O-O O-O 5. d3 d5 6. c3 Nc6 7. b4 a6 8. a3 e5
9. Nfd2 Bg4 10. f3 Be6 11. e4 Qd7 12. Nb3 b6 13. Qc2 Rad8 14. Re1 h6 15. Bf1
Nh5 16. Bb2 f5 17. exf5 gxf5 18. d4 f4 19. g4 Bxg4 20. fxg4 Qxg4+ 21. Kh1 f3
22. Qf2 Bf6 23. Bxa6 Kh8 24. Rg1 Qf5 25. N1d2 e4 26. Nf1 Nf4 27. Ne3 Nh3 28.
Qf1 Qh5 29. Rg3 Nf4 30. Rg4 Bh4 31. Bc1 Ng2 32. Nxg2 Qxg4 33. Nxh4 Qxh4 34. Be3
Rg8 35. Qf2 Qh3 36. Bf1 Qh5 37. Bf4 Rg4 38. Bxc7 Rdg8 39. b5 Ne7 40. Be5+ Kh7
41. Nd2 Nf5 42. Nxf3 exf3 43. Bd3 R8g6 44. Qc2 Qg5 45. Bg3 Rxg3 46. hxg3 Qh5+
47. Qh2 Nxg3+ 48. Kg1 Ne4+ 0-1

[Event "First Saturday IM March 2014"]
[Site "Budapest"]
[Date "2014.03.05"]
[Round "4.2"]
[White "Balint, Vilmos"]
[Black "Rajlich, Iweta"]
[Result "1/2-1/2"]
[WhiteElo "2246"]
[BlackElo "2400"]
[PlyCount "120"]
[EventDate "2014.03.01"]

1. e4 d5 2. e5 c5 3. d4 cxd4 4. Nd2 Nc6 5. f4 Qb6 6. Nb3 Nh6 7. Nf3 Bg4 8. Bd3
e6 9. O-O Nb4 10. Bd2 Nxd3 11. cxd3 Nf5 12. Na5 Qb5 13. Qb3 Qxb3 14. axb3 Bxf3
15. Rxf3 O-O-O 16. b4 Kb8 17. g4 Ne3 18. f5 exf5 19. gxf5 Rc8 20. Nb3 Rc2 21.
Bc1 Rg2+ 22. Kh1 Re2 23. h3 f6 24. Nxd4 Re1+ 25. Kh2 Nf1+ 26. Kg2 Nd2 27. Rf2
fxe5 28. Rxd2 exd4 29. Rc2 Bd6 30. Ra5 Rc8 31. Rxc8+ Kxc8 32. Rxd5 Kc7 33. Bg5
Re2+ 34. Kf3 Rxb2 35. b5 a5 36. bxa6 bxa6 37. Bd8+ Kc6 38. Rxd4 Rb8 39. Rc4+
Kd5 40. Ba5 Rb3 41. Ke3 Bc5+ 42. Ke2 Rb2+ 43. Kf3 Rf2+ 44. Kg4 Rg2+ 45. Kf3 Rg5
46. Kf4 Rg1 47. Bc3 Bd6+ 48. Kf3 Rg3+ 49. Ke2 Be5 50. Bb4 Bd6 51. Bxd6 Kxd6 52.
Rh4 Ke5 53. Rxh7 Kxf5 54. Rh5+ Kf4 55. Rh4+ Ke5 56. Ra4 Rg6 57. Ke3 Rb6 58. d4+
Kd5 59. Kf4 Rh6 60. Kg5 Ke4 1/2-1/2

[Event "First Saturday IM March 2014"]
[Site "Budapest"]
[Date "2014.03.05"]
[Round "4.3"]
[White "Farkas, Richard"]
[Black "To, Nhat Minh"]
[Result "0-1"]
[WhiteElo "2191"]
[BlackElo "2354"]
[PlyCount "112"]
[EventDate "2014.03.01"]

1. d4 d5 2. Bf4 Nf6 3. e3 c5 4. c3 Nc6 5. Nf3 e6 6. Nbd2 Bd6 7. Bxd6 Qxd6 8.
Be2 O-O 9. O-O b6 10. Bb5 Ne7 11. Ne5 Bb7 12. Bd3 Ne4 13. Nxe4 dxe4 14. Be2
Rac8 15. Qa4 Qc7 16. Nc4 a6 17. Qa3 b5 18. Na5 Bd5 19. dxc5 Qxc5 20. Qxc5 Rxc5
21. Nb3 Rc7 22. Nd4 Rb8 23. a3 Bc4 24. Rfe1 Rd7 25. Rad1 Bxe2 26. Nxe2 Rbd8 27.
Rxd7 Rxd7 28. Nd4 Ng6 29. Kf1 Ne5 30. a4 bxa4 31. Ra1 Rb7 32. Rxa4 Rxb2 33.
Rxa6 g6 34. Ra1 Ng4 35. Ne2 Nxh2+ 36. Ke1 Ng4 37. Rd1 Kf8 38. Kf1 Ke7 39. c4
Rc2 40. Rc1 Rxc1+ 41. Nxc1 Kd6 42. Nb3 Ne5 43. c5+ Kd5 44. Nd2 f5 45. Nb3 Nd3
46. c6 Kxc6 47. Ke2 Kd5 48. Nd2 Ne5 49. Nb3 g5 50. Nd2 h5 51. Nf1 h4 52. Nd2 g4
53. Nf1 Kc4 54. Nd2+ Kc3 55. Nf1 Nc4 56. Nh2 Nd2 0-1

[Event "First Saturday IM March 2014"]
[Site "Budapest"]
[Date "2014.03.05"]
[Round "4.4"]
[White "Nguyen, Thi Mai Hung"]
[Black "Golubov, Saveliy"]
[Result "1-0"]
[WhiteElo "2261"]
[BlackElo "2325"]
[PlyCount "71"]
[EventDate "2014.03.01"]

1. d4 Nf6 2. Nf3 e6 3. e3 d5 4. Bd3 c5 5. b3 Nc6 6. O-O Qb6 7. dxc5 Bxc5 8. Bb2
Be7 9. Nbd2 O-O 10. c4 Rd8 11. Qe2 Bd7 12. Rac1 a5 13. a3 Be8 14. Rfd1 Nd7 15.
cxd5 exd5 16. e4 Nc5 17. exd5 Rxd5 18. Nc4 Qd8 19. Bb1 Rxd1+ 20. Rxd1 Qc7 21.
Qc2 g6 22. Ne3 Rd8 23. Nd5 Qc8 24. b4 axb4 25. axb4 Ne6 26. b5 Rxd5 27. Rxd5
Na7 28. Qb3 Nf4 29. Re5 Bd6 30. Re1 Nxb5 31. Ng5 Nd4 32. Bxd4 Ne2+ 33. Kh1 Nxd4
34. Qe3 Ne6 35. Nxe6 Bb4 36. Qd4 1-0

[Event "First Saturday IM March 2014"]
[Site "Budapest"]
[Date "2014.03.05"]
[Round "4.5"]
[White "Szalanczy, Emil"]
[Black "Szeberenyi, Adam"]
[Result "1/2-1/2"]
[WhiteElo "2240"]
[BlackElo "2301"]
[PlyCount "114"]
[EventDate "2014.03.01"]

1. e4 e6 2. d4 d5 3. Nc3 dxe4 4. Nxe4 Bd7 5. Nf3 Bc6 6. Bd3 Nd7 7. O-O Ngf6 8.
Re1 Bxe4 9. Bxe4 Nxe4 10. Rxe4 Be7 11. Bd2 O-O 12. Qe1 c6 13. c4 Re8 14. Ba5
Qc8 15. h4 Bf6 16. Rd1 b6 17. Bc3 Qa6 18. Nd2 c5 19. a3 Rad8 20. Nb1 cxd4 21.
Bxd4 Nc5 22. Bxc5 bxc5 23. Nc3 Rxd1 24. Nxd1 Rd8 25. Nc3 Qb7 26. Qe2 Rb8 27.
Na4 Qc6 28. Qc2 g6 29. h5 gxh5 30. Re3 Kh8 31. Qd1 Rd8 32. Qf3 Qxf3 33. Rxf3
Rd1+ 34. Kh2 Be5+ 35. g3 Kg7 36. Nxc5 Bxb2 37. Nd3 Bxa3 38. c5 Rxd3 39. Rxd3
Bxc5 40. Rc3 Bb4 41. Rc7 a5 42. Kg2 Kg6 43. Kf3 f6 44. Rb7 h6 45. Ke4 Bc5 46.
f4 Bf2 47. Kf3 Bc5 48. Rb5 Bb4 49. Ke4 Be1 50. Kf3 Bc3 51. Rb8 e5 52. fxe5 fxe5
53. Ke4 Kg5 54. Rc8 Be1 55. Kf3 h4 56. gxh4+ Bxh4 57. Rc5 Kf5 1/2-1/2

[Event "First Saturday IM March 2014"]
[Site "Budapest"]
[Date "2014.03.06"]
[Round "5.1"]
[White "Szeberenyi, Adam"]
[Black "Keschitz, Gyorgy"]
[Result "1-0"]
[WhiteElo "2301"]
[BlackElo "2256"]
[PlyCount "107"]
[EventDate "2014.03.01"]

1. d4 d6 2. Nf3 Nf6 3. c4 g6 4. Nc3 Bg7 5. e4 O-O 6. Be2 e5 7. O-O exd4 8. Nxd4
Re8 9. f3 Nbd7 10. Be3 Ne5 11. Re1 a6 12. Bf1 Nfd7 13. f4 Nc6 14. Nxc6 bxc6 15.
Bd4 f6 16. c5 Nxc5 17. Bxc5 dxc5 18. Bc4+ Kh8 19. Bf7 Rf8 20. Qxd8 Rxd8 21. e5
fxe5 22. fxe5 Bf8 23. e6 Be7 24. Rad1 Rd4 25. Ne2 Rd6 26. Nf4 Kg7 27. Rd3 Rb8
28. Rg3 Rxb2 29. Bxg6 Bh4 30. e7 Bd7 31. e8=Q Bxe8 32. Bxe8+ Bxg3 33. hxg3 Rxa2
34. Ne6+ Kg8 35. Nxc5 a5 36. Ne4 Rh6 37. g4 Kf8 38. Nc5 a4 39. g5 Rd6 40. Nd7+
Rxd7 41. Bxd7 a3 42. Re8+ Kf7 43. Be6+ Kxe8 44. Bxa2 Ke7 45. Kf2 Kd6 46. Ke3
Kc5 47. Kd3 Kb4 48. Bg8 c5 49. Ba2 Kb5 50. Kc3 Kc6 51. Bb1 Kd5 52. Bxh7 Ke5 53.
Bb1 a2 54. Bxa2 1-0

[Event "First Saturday IM March 2014"]
[Site "Budapest"]
[Date "2014.03.06"]
[Round "5.2"]
[White "Golubov, Saveliy"]
[Black "Szalanczy, Emil"]
[Result "0-1"]
[WhiteElo "2325"]
[BlackElo "2240"]
[PlyCount "118"]
[EventDate "2014.03.01"]

1. e4 c5 2. Nf3 d6 3. d4 cxd4 4. Nxd4 Nf6 5. Nc3 g6 6. Be3 Bg7 7. f3 Nc6 8. Qd2
Bd7 9. g4 h5 10. g5 Nh7 11. h4 Nf8 12. f4 Ne6 13. Nb3 O-O 14. Bh3 a5 15. f5 Ne5
16. Qe2 Nc7 17. a4 Na6 18. Nd5 e6 19. Nf4 exf5 20. exf5 Re8 21. O-O Rc8 22. Qf2
Rc4 23. c3 Bc6 24. Nd2 Rxf4 25. Bxf4 Nc5 26. f6 Bf8 27. Qd4 Ncd3 28. b4 b6 29.
Nc4 Nxf4 30. Qxf4 Qc7 31. Ne3 Bb7 32. Bg2 Bxg2 33. Nxg2 Qxc3 34. bxa5 Qxa5 35.
Rfd1 Rc8 36. Kh1 Rc4 37. Qd2 Qa8 38. Qd5 Qc8 39. Ra3 Qg4 40. Rda1 Rd4 41. Qa8
d5 42. Rc1 Rd1+ 43. Rxd1 Qxd1+ 44. Kh2 Qc1 45. Rg3 Qc4 46. Qe8 Ng4+ 47. Kg1
Qc1+ 48. Ne1 Qf4 49. Rg2 Qd4+ 50. Kf1 Ne3+ 51. Ke2 Nxg2 52. Nxg2 Qg4+ 53. Kf2
d4 54. Qb5 Qe6 55. Qe2 Qf5+ 56. Qf3 Qc2+ 57. Kf1 Qc4+ 58. Kf2 d3 59. Qf4 Qc2+
0-1

[Event "First Saturday IM March 2014"]
[Site "Budapest"]
[Date "2014.03.06"]
[Round "5.3"]
[White "To, Nhat Minh"]
[Black "Nguyen, Thi Mai Hung"]
[Result "1-0"]
[WhiteElo "2354"]
[BlackElo "2261"]
[PlyCount "155"]
[EventDate "2014.03.01"]

1. c4 c6 2. Nc3 d5 3. e3 Nf6 4. d4 e6 5. Nf3 Nbd7 6. Bd3 Bd6 7. O-O O-O 8. e4
dxc4 9. Bxc4 e5 10. Be3 Qe7 11. Bb3 h6 12. Nh4 Qd8 13. Nf5 Bc7 14. d5 Bb6 15.
dxc6 bxc6 16. Qf3 Kh7 17. Rfd1 Qc7 18. Rac1 Bxe3 19. Qxe3 Nb6 20. Nb5 Qb7 21.
Nbd6 Qc7 22. Qg3 Bxf5 23. Nxf5 Ne8 24. Qh4 c5 25. Qe7 Qxe7 26. Nxe7 c4 27. Bxc4
Nxc4 28. Rxc4 Nf6 29. Kf1 a6 30. Ke2 Rfe8 31. Nd5 Nxd5 32. Rxd5 Ra7 33. b3 f6
34. Rdc5 Rd7 35. Rc7 Rd6 36. Rc8 Ree6 37. f3 h5 38. h4 Re7 39. R8c6 Red7 40.
Rxd6 Rxd6 41. b4 Kh6 42. a4 Rb6 43. a5 Rd6 44. g3 g5 45. hxg5+ Kxg5 46. Rc8 Rd4
47. Rg8+ Kh6 48. Rb8 Kg6 49. Rb6 Kf7 50. Ke3 Kg7 51. f4 Kf7 52. fxe5 fxe5 53.
Rxa6 Rxb4 54. Rb6 Ra4 55. a6 Ra3+ 56. Kf2 Ra4 57. Rb7+ Kf6 58. a7 Kg5 59. Kg2
h4 60. gxh4+ Kxh4 61. Rg7 Kh5 62. Kf3 Ra3+ 63. Ke2 Kh6 64. Re7 Kg6 65. Kd2 Kf6
66. Rb7 Kg5 67. Rf7 Kg6 68. Re7 Kf6 69. Rb7 Kg5 70. Kc2 Kf4 71. Kb2 Ra6 72. Kb3
Ra1 73. Rh7 Ke3 74. Kb2 Ra6 75. Rh3+ Kd2 76. Ra3 Rb6+ 77. Ka2 Kc2 78. Ra5 1-0

[Event "First Saturday IM March 2014"]
[Site "Budapest"]
[Date "2014.03.06"]
[Round "5.4"]
[White "Rajlich, Iweta"]
[Black "Farkas, Richard"]
[Result "1-0"]
[WhiteElo "2400"]
[BlackElo "2191"]
[PlyCount "47"]
[EventDate "2014.03.01"]

1. Nf3 d5 2. d4 Nf6 3. Nc3 Bf5 4. Ne5 e6 5. Bg5 Be7 6. e3 Nbd7 7. Nxd7 Nxd7 8.
Bxe7 Qxe7 9. Be2 O-O 10. h4 h6 11. g4 Bg6 12. Qd2 Nf6 13. g5 hxg5 14. hxg5 Ne4
15. Nxe4 dxe4 16. f4 exf3 17. Bxf3 Qxg5 18. O-O-O Rfd8 19. Rdg1 Qf6 20. Bxb7
Rab8 21. Qh2 Kf8 22. Qxc7 Kg8 23. Rg2 Bh5 24. Rxh5 1-0